00656nam a2200169Ia 4500003000900000008004100009040001600050080001700066100001900083245023600102260003400338300001300372650004100385650002500426650001400451650002100465IN-BaIIA211028s9999 xx 000 0 eng d cIIA Library a52(083)bREI aReio, J. F. M. 0aChronological tables,containing corresponding dates of different areas used in the provinces of Bengal, Bihar, Orissa and Beharas and the coded and conquered provincescJ. F. M. Reio  aCalcuttabThacker Spinkc1835 aviii,162 aAstronomy and Astrophysics Thesaurus aChronological Tables aEphemeris aIndian Ephemeris